[Event "Cali Region-ch U18"]
[Site "Cali"]
[Date "2011.12.05"]
[Round "4.5"]
[White "Guelgua, Alvaro"]
[Black "Montillo, Sebastian"]
[Result "1-0"]
[WhiteElo "2076"]
[BlackElo "1536"]
[PlyCount "43"]
[EventDate "2011.12.04"]
[EventType "swiss"]
[EventRounds "7"]
[EventCountry "COL"]
[SourceTitle "EXT 2024"]
[Source "ChessBase"]
[SourceDate "2023.10.10"]
[SourceVersion "1"]
[SourceVersionDate "2023.10.10"]
[SourceQuality "1"]

1. e4 c5 2. Nf3 d6 3. d4 cxd4 4. Nxd4 Nf6 5. Nc3 a6 6. Bc4 e6 7. Bb3 Be7 8. 0-0 0-0 9. f4 Nbd7 10. Qf3 Qc7 11. g4 h6 12. g5 hxg5 13. fxg5 Ne5 14. Qh3 Nh7 15. Qg3 Qc5 16. Nce2 Bxg5 17. Kh1 Bxc1 18. Raxc1 Ng6 19. Nxe6 Bxe6 20. Bxe6 Nf6 21. Rxf6 gxf6 22. Qxg6+ 1-0

[Event "Pan American-ch U18"]
[Site "Cali"]
[Date "2011.07.05"]
[Round "4"]
[White "Guelgua, Alvaro"]
[Black "Barreto, Gary"]
[Result "1-0"]
[WhiteElo "2076"]
[BlackElo "1862"]
[PlyCount "49"]
[EventDate "2011.07.03"]
[EventType "swiss"]
[EventRounds "9"]
[EventCountry "COL"]
[SourceTitle "CBM 143 Extra"]
[Source "ChessBase"]
[SourceDate "2011.08.29"]
[SourceVersion "1"]
[SourceVersionDate "2011.08.29"]
[SourceQuality "1"]

1. e4 e6 2. d4 d5 3. Nd2 Nf6 4. e5 Nfd7 5. Bd3 c5 6. c3 Nc6 7. Ne2 Qb6 8. Nf3 Be7 9. 0-0 0-0 10. Re1 cxd4 11. cxd4 Re8 12. b3 a5 13. Bg5 Bb4 14. Rf1 Nf8 15. Ng3 h6 16. Be3 Bd7 17. Nh5 Be7 18. Bxh6 g6 19. Bxf8 gxh5 20. Bxe7 Nxe7 21. Ng5 Bb5 22. Bxb5 Qxb5 23. Qxh5 Qd3 24. Qxf7+ Kh8 25. Qf6+ 1-0

[Event "Pan American Continental"]
[Site "Cali"]
[Date "2010.11.22"]
[Round "9"]
[White "Guelgua, Alvaro"]
[Black "Torres Gonzalez, Jose Arturo"]
[Result "1-0"]
[WhiteElo "2039"]
[BlackElo "2202"]
[PlyCount "59"]
[EventDate "2010.11.17"]
[EventType "swiss"]
[EventRounds "9"]
[EventCountry "COL"]
[SourceTitle "CBM 139 Extra"]
[Source "ChessBase"]
[SourceDate "2011.01.05"]
[SourceVersion "1"]
[SourceVersionDate "2011.01.05"]
[SourceQuality "1"]

1. e4 c5 2. Nf3 Nc6 3. d4 cxd4 4. Nxd4 Nf6 5. Nc3 e5 6. Ndb5 Bb4 7. a3 Bxc3+ 8. Nxc3 h6 9. Be2 0-0 10. Be3 b6 11. 0-0 Bb7 12. f4 exf4 13. Rxf4 Ne5 14. Qd4 Ng6 15. Rf5 Re8 16. Raf1 d5 17. e5 Nd7 18. Rxf7 Ngxe5 19. Bh5 Nxf7 20. Rxf7 Re5 21. Qg4 Qf6 22. Rxf6 Nxf6 23. Qf3 Rxh5 24. Bd4 Rg5 25. Bxf6 gxf6 26. Qxf6 d4 27. Qe6+ Kh7 28. Qf7+ Rg7 29. Qf5+ Rg6 30. Nd5 1-0

[Event "Pan American Continental"]
[Site "Cali"]
[Date "2010.11.20"]
[Round "6"]
[White "Chirivi Castiblanco, Jenny Astrid"]
[Black "Guelgua, Alvaro"]
[Result "1-0"]
[WhiteElo "2244"]
[BlackElo "2039"]
[PlyCount "67"]
[EventDate "2010.11.17"]
[EventType "swiss"]
[EventRounds "9"]
[EventCountry "COL"]
[SourceTitle "CBM 139 Extra"]
[Source "ChessBase"]
[SourceDate "2011.01.05"]
[SourceVersion "1"]
[SourceVersionDate "2011.01.05"]
[SourceQuality "1"]

1. d4 d5 2. c4 c6 3. Nc3 Nf6 4. Nf3 e6 5. e3 Nbd7 6. Bd3 Bd6 7. 0-0 dxc4 8. Bxc4 0-0 9. Qc2 e5 10. h3 Qe7 11. a3 h6 12. Ba2 Kh8 13. Re1 b6 14. dxe5 Nxe5 15. Nxe5 Qxe5 16. f4 Qe7 17. e4 Bc5+ 18. Be3 Bf5 19. Bxc5 Qxc5+ 20. Qf2 Qxf2+ 21. Kxf2 Be6 22. e5 Nd5 23. Bxd5 Bxd5 24. Nxd5 cxd5 25. Rad1 Rad8 26. Rd4 Rd7 27. Rc1 Kg8 28. Rc6 Re8 29. g4 Kf8 30. Ke3 g6 31. Rd1 Kg7 32. Kd4 Re6 33. Rdc1 Re8 34. f5 1-0

[Event "Colombia Mire Lea Florida Cup"]
[Site "Colombia"]
[Date "2010.10.17"]
[Round "3.2"]
[White "Guelgua, Alvaro"]
[Black "Sanchez, Victor Hugo"]
[Result "0-1"]
[WhiteElo "2039"]
[BlackElo "2293"]
[PlyCount "42"]
[EventDate "2010.10.16"]
[EventType "swiss"]
[EventRounds "7"]
[EventCountry "COL"]
[SourceTitle "EXT 2024"]
[Source "ChessBase"]
[SourceDate "2023.10.10"]
[SourceVersion "1"]
[SourceVersionDate "2023.10.10"]
[SourceQuality "1"]

1. e4 c5 2. Nf3 d6 3. d4 cxd4 4. Nxd4 Nf6 5. Nc3 g6 6. Bc4 Bg7 7. 0-0 0-0 8. Bb3 Nc6 9. Be3 Ng4 10. Nxc6 Nxe3 11. Nxd8 Nxd1 12. Nxf7 Nxc3 13. Ng5+ Kh8 14. bxc3 Bxc3 15. Rad1 Bd7 16. Rd3 Bf6 17. Nf7+ Kg7 18. e5 Bh4 19. Rd4 Be8 20. Rxh4 Bxf7 21. e6 Be8 0-1

[Event "Colombia Mire Lea Florida Cup"]
[Site "Colombia"]
[Date "2010.10.16"]
[Round "1.7"]
[White "Guelgua, Alvaro"]
[Black "Buila Cortes, Harry Yersson"]
[Result "1-0"]
[WhiteElo "2039"]
[BlackElo "1600"]
[PlyCount "49"]
[EventDate "2010.10.16"]
[EventType "swiss"]
[EventRounds "7"]
[EventCountry "COL"]
[SourceTitle "EXT 2024"]
[Source "ChessBase"]
[SourceDate "2023.10.10"]
[SourceVersion "1"]
[SourceVersionDate "2023.10.10"]
[SourceQuality "1"]

1. e4 e5 2. f4 d6 3. Nf3 Nd7 4. d4 c5 5. dxe5 dxe5 6. fxe5 f6 7. e6 Ne5 8. Bb5+ Bd7 9. exd7+ Nxd7 10. Nc3 a6 11. Bxd7+ Qxd7 12. Bf4 Bd6 13. Bxd6 Rd8 14. e5 f5 15. Nd5 Nh6 16. Nc7+ Kf7 17. e6+ Qxe6+ 18. Nxe6 Rde8 19. Nfg5+ Kg6 20. 0-0 Ng4 21. Qd5 Ne3 22. Qe5 Ng4 23. Qxg7+ Kh5 24. Nf4+ Kh4 25. g3# 1-0

[Event "Pan American-ch U20"]
[Site "Cali"]
[Date "2010.05.23"]
[Round "6"]
[White "Guelgua, Alvaro"]
[Black "Zuleta, Juan Esteban"]
[Result "1-0"]
[WhiteElo "2018"]
[BlackElo "1916"]
[PlyCount "65"]
[EventDate "2010.05.20"]
[EventType "swiss"]
[EventRounds "9"]
[EventCountry "COL"]
[SourceTitle "CBM 136 Extra"]
[Source "ChessBase"]
[SourceDate "2010.07.02"]
[SourceVersion "2"]
[SourceVersionDate "2010.07.15"]
[SourceQuality "1"]

1. e4 c5 2. Nf3 d6 3. d4 cxd4 4. Nxd4 Nf6 5. Nc3 a6 6. Bc4 e6 7. Bb3 Be7 8. 0-0 0-0 9. Be3 Nc6 10. f4 Qc7 11. Qf3 Re8 12. h3 Bf8 13. g4 Nd7 14. f5 Nde5 15. Qg3 Na5 16. Rf2 b5 17. Raf1 Nxb3 18. axb3 b4 19. Nce2 Qb7 20. Qf4 Qe7 21. Ng3 a5 22. g5 f6 23. Qh4 Nf7 24. gxf6 Qxf6 25. fxe6 Qxh4 26. exf7+ Kh8 27. fxe8Q Qxg3+ 28. Rg2 Qxe3+ 29. Rff2 Bb7 30. Qf7 Bxe4 31. Kh2 h6 32. Nf5 Qc1 33. Ne7 1-0

[Event "Pan American-ch U20"]
[Site "Cali"]
[Date "2010.05.20"]
[Round "1"]
[White "Rojas Alarcon, Julian Antonio"]
[Black "Guelgua, Alvaro"]
[Result "1-0"]
[WhiteElo "2298"]
[BlackElo "2018"]
[PlyCount "47"]
[EventDate "2010.05.20"]
[EventType "swiss"]
[EventRounds "9"]
[EventCountry "COL"]
[SourceTitle "CBM 136 Extra"]
[Source "ChessBase"]
[SourceDate "2010.07.02"]
[SourceVersion "2"]
[SourceVersionDate "2010.07.15"]
[SourceQuality "1"]

1. e4 e6 2. d4 d5 3. Nc3 Bb4 4. e5 c5 5. a3 Bxc3+ 6. bxc3 Qa5 7. Bd2 Qa4 8. dxc5 Nd7 9. Nf3 Qe4+ 10. Be3 Nxe5 11. Nxe5 Qxe5 12. Bb5+ Bd7 13. Bxd7+ Kxd7 14. 0-0 Ne7 15. Rb1 Kc8 16. Qg4 h5 17. Qa4 Qc7 18. Rfd1 e5 19. f4 e4 20. Bf2 Qxf4 21. c6 bxc6 22. Qa6+ Kd7 23. Bc5 Rhb8 24. Rb7+ 1-0

[Event "COL-ch U20"]
[Site "Bogota"]
[Date "2010.04.15"]
[Round "1"]
[White "Narvaez, Zamir Alexis"]
[Black "Guelgua, Alvaro"]
[Result "1-0"]
[WhiteElo "2168"]
[BlackElo "2018"]
[PlyCount "45"]
[EventDate "2010.04.15"]
[EventType "swiss"]
[EventRounds "7"]
[EventCountry "COL"]
[SourceTitle "CBM 135 Extra"]
[Source "ChessBase"]
[SourceDate "2010.05.04"]
[SourceVersion "1"]
[SourceVersionDate "2010.05.04"]
[SourceQuality "1"]

1. d4 d5 2. c4 e6 3. Nf3 Nf6 4. g3 Be7 5. Bg2 0-0 6. 0-0 dxc4 7. Qc2 a6 8. a4 Nbd7 9. Nbd2 Nd5 10. Nxc4 b6 11. Nfe5 Bb7 12. Qb3 Rb8 13. e4 Nb4 14. Rd1 f6 15. Nxd7 Qxd7 16. Bd2 a5 17. Bxb4 Bxb4 18. d5 exd5 19. exd5 Kh8 20. Ne3 Rbe8 21. Rac1 Bc5 22. Rxc5 bxc5 23. Qxb7 1-0

[Event "COL-ch U18"]
[Site "Medellin"]
[Date "2009.12.18"]
[Round "8"]
[White "Torres, Juan Camilo"]
[Black "Guelgua, Alvaro"]
[Result "1-0"]
[WhiteElo "2204"]
[BlackElo "2004"]
[PlyCount "45"]
[EventDate "2009.12.15"]
[EventType "swiss"]
[EventRounds "8"]
[EventCountry "COL"]
[SourceTitle "EXT 2024"]
[Source "ChessBase"]
[SourceDate "2023.10.10"]
[SourceVersion "1"]
[SourceVersionDate "2023.10.10"]
[SourceQuality "1"]

1. d4 d5 2. Nf3 c5 3. e3 Nf6 4. c3 Nc6 5. dxc5 a5 6. Nd4 e5 7. Nxc6 bxc6 8. b4 Be7 9. Bb2 0-0 10. Be2 Ne4 11. a3 f5 12. Nd2 Be6 13. 0-0 Nxd2 14. Qxd2 f4 15. c4 Qc7 16. cxd5 Bxd5 17. f3 fxe3 18. Qxe3 Rf5 19. Bd3 Rh5 20. Be4 Bg5 21. Qe2 Qf7 22. Bxe5 Re8 23. f4 1-0

[Event "COL-ch U18"]
[Site "Medellin"]
[Date "2009.12.17"]
[Round "5"]
[White "Guelgua, Alvaro"]
[Black "Hernandez Sanchez, Jairo Andres"]
[Result "1-0"]
[WhiteElo "2004"]
[BlackElo "2066"]
[PlyCount "61"]
[EventDate "2009.12.15"]
[EventType "swiss"]
[EventRounds "8"]
[EventCountry "COL"]
[SourceTitle "EXT 2024"]
[Source "ChessBase"]
[SourceDate "2023.10.10"]
[SourceVersion "1"]
[SourceVersionDate "2023.10.10"]
[SourceQuality "1"]

1. e4 c5 2. Nf3 g6 3. d4 cxd4 4. Nxd4 Bg7 5. Nc3 Nc6 6. Be3 Nf6 7. Bc4 0-0 8. 0-0 d6 9. h3 Bd7 10. Bb3 Nxd4 11. Bxd4 Bc6 12. Qd3 b5 13. f4 b4 14. Nd5 Bxd5 15. exd5 Nd7 16. Bxg7 Kxg7 17. Qd4+ f6 18. Qxb4 Nc5 19. Rfe1 Re8 20. Qd4 Rb8 21. Re3 a5 22. Rae1 Rb4 23. Bc4 Kf7 24. b3 h6 25. f5 g5 26. Qg4 Rh8 27. Qh5+ Kf8 28. Qg6 Rb7 29. Rxe7 Rxe7 30. Qxf6+ Ke8 31. Bb5+ 1-0

[Event "COL-ch U18"]
[Site "Medellin"]
[Date "2009.12.17"]
[Round "6"]
[White "Jaramillo Ochoa, Mateo"]
[Black "Guelgua, Alvaro"]
[Result "1/2-1/2"]
[WhiteElo "1936"]
[BlackElo "2004"]
[PlyCount "54"]
[EventDate "2009.12.15"]
[EventType "swiss"]
[EventRounds "8"]
[EventCountry "COL"]
[SourceTitle "EXT 2024"]
[Source "ChessBase"]
[SourceDate "2023.10.10"]
[SourceVersion "1"]
[SourceVersionDate "2023.10.10"]
[SourceQuality "1"]

1. e4 e5 2. Nf3 Nc6 3. Bb5 a6 4. Ba4 Nf6 5. 0-0 b5 6. Bb3 Bb7 7. Re1 Bc5 8. c3 d6 9. d4 Bb6 10. Bg5 Qe7 11. a4 h6 12. Bh4 g5 13. axb5 gxh4 14. bxc6 Bxc6 15. Qd3 Nh5 16. Rxa6 Nf4 17. Rxa8+ Bxa8 18. Qb5+ Kf8 19. dxe5 Rg8 20. exd6 Qxd6 21. Qf5 Qg6 22. Qxg6 Rxg6 23. Nxh4 Rg4 24. g3 Nd3 25. Re2 Nc1 26. Rd2 Rxe4 27. Rd8+ Ke7 1/2-1/2

[Event "COL-ch U18"]
[Site "Medellin"]
[Date "2009.12.16"]
[Round "4"]
[White "Barros, Raul Junior"]
[Black "Guelgua, Alvaro"]
[Result "1-0"]
[WhiteElo "2078"]
[BlackElo "2004"]
[PlyCount "63"]
[EventDate "2009.12.15"]
[EventType "swiss"]
[EventRounds "8"]
[EventCountry "COL"]
[SourceTitle "EXT 2024"]
[Source "ChessBase"]
[SourceDate "2023.10.10"]
[SourceVersion "1"]
[SourceVersionDate "2023.10.10"]
[SourceQuality "1"]

1. e4 e6 2. d4 d5 3. Nc3 Bb4 4. e5 c5 5. a3 Bxc3+ 6. bxc3 Qa5 7. Bd2 Qa4 8. Nf3 Ne7 9. Qb1 a6 10. Bd3 c4 11. Be2 Nbc6 12. 0-0 b5 13. h3 f6 14. exf6 gxf6 15. Nh4 Ng6 16. Bh5 Nce7 17. Bh6 Rg8 18. Qc1 Bd7 19. Qf4 0-0-0 20. Qxf6 Qxc2 21. Rac1 Qb2 22. Nxg6 Nxg6 23. Bg4 Qxa3 24. Bxe6 Qd6 25. Rfe1 Rge8 26. Bxd7+ Kxd7 27. Qf7+ Re7 28. Qf5+ Kc6 29. Bg5 Rxe1+ 30. Rxe1 Rf8 31. Qg4 Nf4 32. Be7 1-0

[Event "COL-ch U18"]
[Site "Medellin"]
[Date "2009.12.??"]
[Round "7"]
[White "Guelgua, Alvaro"]
[Black "De Arco, Luis Carlos"]
[Result "1/2-1/2"]
[WhiteElo "2004"]
[BlackElo "2214"]
[PlyCount "69"]
[EventDate "2009.12.15"]
[EventType "swiss"]
[EventRounds "8"]
[EventCountry "COL"]
[SourceTitle "EXT 2024"]
[Source "ChessBase"]
[SourceDate "2023.10.10"]
[SourceVersion "1"]
[SourceVersionDate "2023.10.10"]
[SourceQuality "1"]

1. e4 e5 2. Nf3 Nc6 3. Bb5 a6 4. Ba4 Nf6 5. 0-0 Be7 6. Re1 b5 7. Bb3 d6 8. c3 0-0 9. d3 Na5 10. Bc2 c5 11. Nbd2 Re8 12. Nf1 h6 13. Ng3 Nc6 14. a4 b4 15. h3 Bf8 16. d4 bxc3 17. bxc3 cxd4 18. cxd4 Bd7 19. Ba3 a5 20. Qd2 Rc8 21. Bb3 exd4 22. Nxd4 Qb6 23. Nb5 Ne5 24. Rab1 Bxb5 25. axb5 a4 26. Ba2 Nc4 27. Bxc4 Rxc4 28. Qd3 Rec8 29. Rec1 Rxc1+ 30. Rxc1 Rxc1+ 31. Bxc1 Nd7 32. Ba3 Ne5 33. Qd5 Qa5 34. Kh2 Qb6 35. Kg1 1/2-1/2

[Event "Valle Region-ch U18"]
[Site "Cali"]
[Date "2009.11.??"]
[Round "7.2"]
[White "Dominguez, Oscar Alberto"]
[Black "Guelgua, Alvaro"]
[Result "0-1"]
[WhiteElo "1755"]
[BlackElo "2004"]
[PlyCount "46"]
[EventDate "2009.11.14"]
[EventType "tourn"]
[EventRounds "7"]
[EventCountry "COL"]
[SourceTitle "EXT 2024"]
[Source "ChessBase"]
[SourceDate "2023.10.10"]
[SourceVersion "1"]
[SourceVersionDate "2023.10.10"]
[SourceQuality "1"]

1. e4 e5 2. Nf3 Nc6 3. Bb5 a6 4. Ba4 Nf6 5. 0-0 b5 6. Bb3 Bb7 7. d4 exd4 8. e5 Ne4 9. Bd5 Nc5 10. Nxd4 Nxd4 11. Bxb7 Nxb7 12. Qxd4 Qe7 13. Rd1 Qe6 14. a4 Bc5 15. Qe4 Qb6 16. a5 Qc6 17. Qf4 0-0-0 18. c3 f6 19. b4 fxe5 20. Qxe5 Rde8 21. Qg3 Ba7 22. Ra2 Qe6 23. Qd3 Qxa2 0-1

[Event "Valle Region-ch U18"]
[Site "Cali"]
[Date "2009.11.??"]
[Round "2.3"]
[White "Valencia, Adrian David"]
[Black "Guelgua, Alvaro"]
[Result "0-1"]
[WhiteElo "1911"]
[BlackElo "2004"]
[PlyCount "48"]
[EventDate "2009.11.14"]
[EventType "tourn"]
[EventRounds "7"]
[EventCountry "COL"]
[SourceTitle "EXT 2024"]
[Source "ChessBase"]
[SourceDate "2023.10.10"]
[SourceVersion "1"]
[SourceVersionDate "2023.10.10"]
[SourceQuality "1"]

1. e4 e6 2. d3 d5 3. Nd2 c5 4. Ngf3 Nc6 5. g3 g6 6. Bg2 Bg7 7. 0-0 Nge7 8. Re1 0-0 9. e5 Qc7 10. Qe2 b6 11. Nf1 a5 12. Bf4 Ba6 13. h4 c4 14. a3 Nf5 15. Qd2 cxd3 16. cxd3 Rac8 17. d4 a4 18. N1h2 Na5 19. Ng4 Nb3 20. Qb4 Nxa1 21. Nf6+ Bxf6 22. exf6 Nc2 23. Qxf8+ Kxf8 24. Bxc7 Nxe1 0-1